[Event "Rowy Jantar op-C 11th"]
[Site "Rowy"]
[Date "2002.06.13"]
[Round "6"]
[White "Stefaniak, Adam"]
[Black "Narczyk, Mateusz"]
[Result "1-0"]
[WhiteElo "1600"]
[BlackElo "1800"]
[PlyCount "51"]
[EventDate "2002.06.??"]
[EventType "swiss"]
[EventRounds "8"]
[EventCountry "POL"]
[SourceTitle "EXT 2006"]
[Source "ChessBase"]
[SourceDate "2005.11.24"]
[SourceVersion "1"]
[SourceVersionDate "2005.11.24"]
[SourceQuality "1"]

1. e4 e5 2. Nf3 Nc6 3. d4 exd4 4. Nxd4 Nxd4 5. Qxd4 Qf6 6. e5 Qe6 7. Bc4 d5 8. Qxd5 Qxd5 9. Bxd5 c6 10. Bb3 Be6 11. Bxe6 fxe6 12. 0-0 0-0-0 13. Be3 Kb8 14. Nc3 Bb4 15. Rfd1 Ne7 16. Rxd8+ Rxd8 17. Ne4 Nf5 18. Ng5 Nxe3 19. fxe3 Bc5 20. Nxe6 Bxe3+ 21. Kf1 Rd7 22. Ke2 Bd4 23. Rd1 c5 24. c3 Re7 25. Nxd4 cxd4 26. cxd4 1-0

[Event "Rowy Jantar op-C 11th"]
[Site "Rowy"]
[Date "2002.06.12"]
[Round "5"]
[White "Narczyk, Mateusz"]
[Black "Giemza, Joanna"]
[Result "1-0"]
[WhiteElo "1800"]
[BlackElo "1600"]
[PlyCount "71"]
[EventDate "2002.06.??"]
[EventType "swiss"]
[EventRounds "8"]
[EventCountry "POL"]
[SourceTitle "EXT 2006"]
[Source "ChessBase"]
[SourceDate "2005.11.24"]
[SourceVersion "1"]
[SourceVersionDate "2005.11.24"]
[SourceQuality "1"]

1. e4 d5 2. exd5 Qxd5 3. Nc3 Qa5 4. Nf3 Nf6 5. Bb5+ c6 6. Ba4 Bf5 7. Bb3 e6 8. d3 Bd6 9. Bg5 Nbd7 10. Bd2 Qc7 11. Qe2 0-0-0 12. 0-0-0 Bg4 13. h3 Bxf3 14. Qxf3 Nc5 15. Bc4 Nd5 16. a3 Nxc3 17. Bxc3 Bf4+ 18. Kb1 Bh6 19. Rhe1 Na4 20. Be5 Qd7 21. Bh2 Qd4 22. c3 Qb6 23. Re2 Nxc3+ 24. Kc2 Nxe2 25. Qxf7 Nd4+ 26. Kb1 Rhe8 27. Re1 Qa5 28. Ka2 e5 29. Re4 b5 30. Rxd4 exd4 31. Be6+ Rxe6 32. Qxe6+ Kb7 33. Qe7+ Kc8 34. Qe6+ Rd7 35. Qxc6+ Kd8 36. Be5 1-0